| 000 | 00499nam a2200181Ia 4500 | ||
|---|---|---|---|
| 999 |
_c14018 _d14018 |
||
| 003 | OSt | ||
| 005 | 20201027133740.0 | ||
| 008 | 190216s9999||||xx |||||||||||||| ||und|| | ||
| 020 | _a9780140050011 | ||
| 040 | _coclc | ||
| 082 |
_a813.5 _bSTE/W |
||
| 100 |
_aSteinbeck, John _94834 |
||
| 245 | 4 |
_aThe Way Ward Bus / _cJohn Steinbeck |
|
| 260 |
_bPenguin Books, _c1986. _aLondon: |
||
| 300 | _a306p | ||
| 650 | _aEnglish Novel | ||
| 942 |
_cBK _2ddc _h813.5 _iSTE/W _k813.5 _mSTE/W |
||